Jacobean splendour (Record no. 80445)

MARC details
000 -LEADER
fixed length control field 01088cab a22002175a 4500
001 - CONTROL NUMBER
control field L144360
008 - FIXED-LENGTH DATA ELEMENTS--GENERAL INFORMATION
fixed length control field 080714s2008 xxkbo f 000 0 eng d
035 ## - SYSTEM CONTROL NUMBER
System control number (Sirsi) u144360
041 0# - LANGUAGE CODE
Language code of text/sound track or separate title eng
100 1# - MAIN ENTRY--PERSONAL NAME
Personal name Alexander, Kaye
245 00 - TITLE STATEMENT
Title Jacobean splendour
260 ## - PUBLICATION, DISTRIBUTION, ETC.
Date of publication, distribution, etc. 2008
490 ## - SERIES STATEMENT
Series statement Architects' Journal
Volume/sequential designation June 2008, 32-42(8)
520 ## - SUMMARY, ETC.
Summary, etc. Reports on the restoration of decorative ceilings from the Jacobean period. Explains how acoustic lighting shafts are used in an office building in Ireland. Provides descriptions of products: flexible freestanding partition; raised access flooring system; floor isolation system. Table provides cost breakdowns for timber stud partitions, storage walls and suspended ceilings.
651 #4 - SUBJECT ADDED ENTRY--GEOGRAPHIC NAME
Geographic name United Kingdom
Chronological subdivision
651 #4 - SUBJECT ADDED ENTRY--GEOGRAPHIC NAME
Geographic name United Kingdom
Chronological subdivision
690 ## - LOCAL SUBJECT ADDED ENTRY--TOPICAL TERM (OCLC, RLIN)
Topical term or geographic name as entry element BUILT ENVIRONMENT-BUILDING ELEMENTS-COMPLETE BUILDING ELEMENTS-WALLS-INTERNAL WALLS AND PARTITIONS
690 ## - LOCAL SUBJECT ADDED ENTRY--TOPICAL TERM (OCLC, RLIN)
Topical term or geographic name as entry element BUILT ENVIRONMENT-BUILDING ELEMENTS-COMPLETE BUILDING ELEMENTS-FLOORS
690 ## - LOCAL SUBJECT ADDED ENTRY--TOPICAL TERM (OCLC, RLIN)
Topical term or geographic name as entry element BUILT ENVIRONMENT-BUILDING ELEMENTS-COMPLETE BUILDING ELEMENTS-ROOFS
942 ## - ADDED ENTRY ELEMENTS (KOHA)
Suppress in OPAC 0
Holdings
Withdrawn status Lost status Source of classification or shelving scheme Damaged status Not for loan Home library Current library Shelving location Date acquired Total Checkouts Full call number Barcode Date last seen Copy number Price effective from Koha item type
    Dewey Decimal Classification     London London Journal article 14/07/2008   L144360 144360-1001 06/08/2019 1 06/08/2019 Journal article